| 000 | 00460cam a22001337a 4500 | ||
|---|---|---|---|
| 008 | 180718b1978 xxu||||| |||| 00| 0 eng d | ||
| 082 | _aB3 In2s | ||
| 100 | _aRanganathananda, Swami | ||
| 245 |
_aSocial responsibilities of public administrators _cby Swami Ranganathananda |
||
| 260 |
_aNew Delhi _bIndian Institute of Public Administration _c1978 |
||
| 300 | _a39p. | ||
| 500 | _aRs1.50;Lecture at IIPA, 2 August 1977 | ||
| 650 | _aPublic Administration - India. | ||
| 999 |
_c475907 _d475907 |
||